|
|
|
|
| LEADER |
00000cam a2200000 a 4500 |
| 001 |
vtls009530647 |
| 003 |
SK-MaSNL |
| 005 |
20260301024852.0 |
| 008 |
240318s2008 xo l d p 000 0 slo |
| 015 |
|
|
|a SNBA2009/07-03442
|
| 020 |
|
|
|a 9788080860943
|q (brož.)
|
| 035 |
|
|
|a 32E56450-C08B-4756-9B78-3E37498C1A08
|
| 035 |
|
|
|a urn:nbn:sk:snk-amk8qo
|
| 035 |
|
|
|a urn:nbn:sk:snk-am008cl0
|
| 040 |
|
|
|a SNK
|b slo
|c SNK
|e AACR2
|
| 041 |
0 |
|
|a slo
|
| 044 |
|
|
|a xo
|c SK
|
| 072 |
|
7 |
|a 336.7
|x Financie
|2 konspekt
|
| 080 |
|
|
|a 336.71
|2 2001
|
| 080 |
|
|
|a (07)
|2 2001
|
| 100 |
1 |
|
|a Vokorokosová, Renáta,
|d 1967-
|4 aut
|9 24098
|
| 245 |
1 |
0 |
|a Komerčné bankovníctvo
|b [v rámci riešenia projektu VEGA č. 1/3815/06 a medzinárodného projektu V4 číslo 30810004-IVF]
|c Renáta Vokorokosová
|
| 250 |
|
|
|a 1. vyd.
|
| 260 |
|
|
|a Košice
|b Elfa
|c 2008
|
| 300 |
|
|
|a 159 s.
|b sch., tab.
|c 24 cm
|
| 366 |
|
|
|e 200 výt.
|
| 504 |
|
|
|a Bibliogr. s. 157-159
|
| 650 |
0 |
7 |
|a komerčné bankovníctvo
|2 SNKPH
|9 2104
|
| 650 |
0 |
7 |
|a Commercial banking
|2 SNKPHeng
|9 319666
|
| 655 |
|
7 |
|a učebné texty
|2 SNKPH
|9 70568
|
| 655 |
|
7 |
|a Educational texts
|2 SNKPHeng
|9 277375
|
| 919 |
|
|
|a 978-80-8086-094-3
|
| 958 |
|
|
|a OND
|
| 958 |
|
|
|a NB
|
| 968 |
|
|
|d 33
|
| 999 |
|
|
|c 572001
|d 573931
|
| 952 |
|
|
|a SNK
|b SNK
|y PREZ
|7 0
|p 17A0624575
|o snkSC 136239
|i snk2009/11769
|8 0
|0 0
|1 0
|4 0
|d 2009-06-26
|l 0
|r 2025-07-02 00:00:00
|w 2026-02-23
|
| 952 |
|
|
|a SNK
|b SNK
|y VYP
|7 0
|p 17A0624576
|o snkSC 136239 D1
|i snk2009/11771
|8 0
|0 0
|1 0
|4 0
|d 2009-06-26
|l 0
|r 2026-02-23 14:20:13
|w 2026-02-23
|